000 00355nam a2200133Ia 4500
005 20251222141925.0
008 251222s9999||||xx |||||||||||||| ||spa||
020 _a978-9972-57-214-2
082 _a303.49/S38
100 _aSeminario, Bruno
245 0 _aCuando Despertemos en el 2062:
264 _bFondo Editorial Universidad del PacĂ­fico
942 _cLIB
999 _c8839
_d8839